| 000 | 00525nam a2200169Ia 4500 | ||
|---|---|---|---|
| 003 | GCL | ||
| 008 | 140319s9999 xx 000 0 eng d | ||
| 040 |
_aGCL / _cGCL |
||
| 082 | 0 | 4 |
_aCC _b901.9 _bI M |
| 100 | 1 | _aI,MAJESTE FOROUK | |
| 245 | 1 | 0 |
_aCHOIX DE LIVRES QUI SE TROUVAIENT: DANS HES BIBLIOTHEQUES D'ALEP / _cI,MAJESTE FOROUK |
| 260 |
_a[S.N] : _bIMPRIMERIE DE L'INSTITUT FRANCAIS ، _c1946 |
||
| 300 | _a123 P | ||
| 490 |
_aMEMOIRES PRESENTES AL'INSTITUT D'EGYPTE _v0 |
||
| 650 | 0 | 4 | _aEGYPT - HISTORY |
| 942 |
_2ddc _cBK |
||
| 999 |
_c19559 _d19559 |
||